Advances in Physical Organic Chemistry Vol. 20

Na minha lista:
Detalhes bibliográficos
Outros Autores: Gold, V., Bethell, D.
Formato: Livro
Idioma:inglês
Publicado em: London Academic Press 1984
Assuntos:
Acesso em linha:View in OPAC
Tags: Adicionar Tag
Sem tags, seja o primeiro a adicionar uma tag!

MARC

LEADER 00000nam a2200000 a 4500
005 20260127134304.0
008 090310 1984 enk 000 0 eng d
035 |a vtls009481801 
039 9 |y 200903101017  |z mschk03 
040 |a STUSCHK1  |b slo  |c STUSCHK1  |e AACR2 
080 |a 544 
080 |a 547 
245 1 |a Advances in Physical Organic Chemistry  |n Vol. 20  |c Eds. V.Gold, D.Bethell 
260 |a London  |b Academic Press  |c 1984 
300 |a viii, 252 s.  |b il.  |c 23,5 cm 
650 0 |a fzyikálna chémia 
650 0 |a organická chémia 
700 1 |a Gold, V. 
700 1 |a Bethell, D. 
910 |a SCHK95 
999 |c 8852  |d 8852